The Grind: (Record no. 216201)

MARC details
000 -LEADER
fixed length control field 00524nam a22001937a 4500
005 - DATE AND TIME OF LATEST TRANSACTION
control field 20260514145128.0
010 ## - LCCN (DPL NO)
LC control number ENG-148453
020 ## - INTERNATIONAL STANDARD BOOK NUMBER
Terms of availability 745.00
International Standard Book Number 9789393734112
035 ## - SYSTEM CONTROL NUMBER
System control number EN-131985
037 ## - SOURCE OF ACQUISITION
Source of stock number/acquisition DBAD
082 ## - DEWEY DECIMAL CLASSIFICATION NUMBER
Classification number S
Edition number 1
100 ## - MAIN ENTRY--PERSONAL NAME
Personal name Nosiri, Anne
245 ## - TITLE STATEMENT
Title The Grind:
Remainder of title The Hustle is Real/
Statement of responsibility, etc Anne Nosiri
250 ## - EDITION STATEMENT
Edition statement 1
260 ## - PUBLICATION, DISTRIBUTION, ETC. (IMPRINT)
Place of publication, distribution, etc Kolkata
Name of publisher, distributor, etc Exceller Books
Date of publication, distribution, etc 2022
270 ## - ADDRESS
Address G1 Dream Apartment, Degree College Road
City Belgharia,Kolkata
300 ## - PHYSICAL DESCRIPTION
Extent 145p.
Dimensions 21cm(pb)
942 ## - ADDED ENTRY ELEMENTS (KOHA)
Source of classification or shelving scheme Dewey Decimal Classification
Item type English Books
Call number suffix NOS
Classification part S
Holdings
Withdrawn status Lost status Not for loan Collection code Home library Current library Date acquired Source of acquisition Cost, normal purchase price Full call number Barcode Copy number Cost, replacement price Koha item type
      Fiction R.K.Puram-8 R.K.Puram-8 14/05/2026 Delivery of Books Act Division 745.00 NOS S EN-131985 1 745.00 English Books

© Delhi Public Library
Hit Counter
free hit counter